| 000 | 00994nam a2200325Ia 4500 | ||
|---|---|---|---|
| 003 | OSt | ||
| 005 | 20220928121828.0 | ||
| 006 | a|||||r|||| 00| 0 | ||
| 007 | ta | ||
| 008 | 220927b |||||||| |||| 00| 0 eng d | ||
| 020 | _cUSD 75.00 | ||
| 024 | _a142316 | ||
| 037 |
_b065, 19/12/2019, Classic Book Service _cTextual |
||
| 040 |
_aSDCL _cSDCL _beng |
||
| 041 |
_2eng _aeng |
||
| 082 | _aX64:(B), Q9 | ||
| 100 | _aFairhurst Danielle Stein | ||
| 245 | 0 |
_aUsing excel for business and financial modeling _b A practical guide |
|
| 250 | _a3rd | ||
| 260 |
_aChichester _bWiley _c2019 |
||
| 300 |
_axiii,407p. _ccm. |
||
| 490 | _aWiley finance series | ||
| 650 | _a Budgeting | ||
| 650 |
_a Business analysis _9454355 |
||
| 650 |
_a Financial analysis _9454356 |
||
| 650 |
_a Forecasting _9454357 |
||
| 650 | _aFinancial Studies | ||
| 942 |
_hX64:(B), Q9 _cTEXL _2CC |
||
| 999 |
_c768144 _d768144 |
||